00539nam a22001577a 450000500170000000800410001702000180005804100130007608200150008910000450010424501000014925000190024926000530026830000350032165000250035620240201145406.0240201b |||||||| |||| 00| 0 eng d a9781485120964 aEnglish  a343.9 VRA  aVrancken, PHG and Tsamenyi, M lEnglish  aThe Law of the Sea : bThe African Union and its Member States / cPHG Vrancken and M Tsamenyi  aFirst Edition  aCape Town : bJuta and Company (Pty) Ltd, c2017 blxxviii, 789 pages ; c25 cm.  aLegal practice bLaw